[Event "Villarobledo Online Qualifyer"]
[Site "playchess.com #155672"]
[Date "2009.05.23"]
[Round "8"]
[White "Master of poker"]
[Black "Promotionfou"]
[Result "1-0"]
[WhiteElo "2472"]
[BlackElo "2135"]
[PlyCount "137"]
[EventDate "2009.05.23"]
[EventType "swiss (blitz)"]

1. e4 {[%emt 0:00:01]} Nf6 {[%emt 0:00:02]} 2. Nc3 {[%emt 0:00:02]} e5 {[%emt
0:00:02]} 3. f4 {[%emt 0:00:01]} d6 {[%emt 0:00:03]} 4. Nf3 {[%emt 0:00:01]}
Nc6 {[%emt 0:00:02]} 5. Bc4 {[%emt 0:00:02]} Be7 {[%emt 0:00:01]} 6. O-O {
[%emt 0:00:02]} O-O {[%emt 0:00:01]} 7. d3 {[%emt 0:00:01]} Bg4 {[%emt 0:00:05]
} 8. Be3 {[%emt 0:00:06]} exf4 {[%emt 0:00:06]} 9. Bxf4 {[%emt 0:00:10]} Ne5 {
[%emt 0:00:01]} 10. Bb3 {[%emt 0:00:14]} c6 {[%emt 0:00:08]} 11. Kh1 {[%emt 0:
00:04]} Nh5 {[%emt 0:00:17]} 12. Be3 {[%emt 0:00:15]} b5 {[%emt 0:00:08]} 13.
d4 {[%emt 0:00:07]} Bxf3 {[%emt 0:00:17]} 14. gxf3 {[%emt 0:00:14]} Nc4 {[%emt
0:00:01]} 15. Bxc4 {[%emt 0:00:04]} bxc4 {[%emt 0:00:02]} 16. f4 {[%emt 0:00:
03]} Nf6 {[%emt 0:00:05]} 17. d5 {[%emt 0:00:15]} cxd5 {[%emt 0:00:04]} 18. e5
{[%emt 0:00:00]} dxe5 {[%emt 0:00:05]} 19. fxe5 {[%emt 0:00:02]} Ne4 {[%emt 0:
00:35]} 20. Nxd5 {[%emt 0:00:04]} Bc5 {[%emt 0:00:05]} 21. Bxc5 {[%emt 0:00:09]
} Nxc5 {[%emt 0:00:01]} 22. Qf3 {[%emt 0:00:01]} Ne6 {[%emt 0:00:21]} 23. Rad1
{[%emt 0:00:11]} Qh4 {[%emt 0:00:05]} 24. Rg1 {[%emt 0:00:13]} Rab8 {[%emt 0:
00:11]} 25. Nf6+ {[%emt 0:00:06]} Kh8 {[%emt 0:00:03]} 26. Nd7 {[%emt 0:00:00]}
Rxb2 {[%emt 0:00:17]} 27. Nxf8 {[%emt 0:00:07]} Rxc2 {[%emt 0:00:12]} 28. Rg2 {
[%emt 0:00:29]} Rxg2 {[%emt 0:00:02]} 29. Kxg2 {[%emt 0:00:04]} Nxf8 {[%emt 0:
00:13]} 30. Rf1 {[%emt 0:00:18]} Qg5+ {[%emt 0:00:14]} 31. Qg3 {[%emt 0:00:06]}
Qd2+ {[%emt 0:00:03]} 32. Rf2 {[%emt 0:00:02]} Qd5+ {[%emt 0:00:01]} 33. Kg1 {
[%emt 0:00:01]} Kg8 {[%emt 0:00:05]} 34. h4 {[%emt 0:00:06]} Ng6 {[%emt 0:00:
01]} 35. Re2 {[%emt 0:00:12] .} h5 {[%emt 0:00:04]} 36. e6 {[%emt 0:00:04]}
Qd1+ {[%emt 0:00:01]} 37. Re1 {[%emt 0:00:01]} Qd4+ {[%emt 0:00:01]} 38. Kh2 {
[%emt 0:00:03]} Qd2+ {[%emt 0:00:03]} 39. Kg1 {[%emt 0:00:07]} Qd4+ {[%emt 0:
00:01]} 40. Qf2 {[%emt 0:00:03]} Qxf2+ {[%emt 0:00:04]} 41. Kxf2 {[%emt 0:00:
00]} fxe6 {[%emt 0:00:01]} 42. Rxe6 {[%emt 0:00:00]} Nxh4 {[%emt 0:00:01]} 43.
Rc6 {[%emt 0:00:01]} Nf5 {[%emt 0:00:01]} 44. Rxc4 {[%emt 0:00:01]} Kf7 {[%emt
0:00:01]} 45. Ra4 {[%emt 0:00:01]} g5 {[%emt 0:00:02]} 46. Rxa7+ {[%emt 0:00:
00]} Kf6 {[%emt 0:00:01]} 47. a4 {[%emt 0:00:02]} g4 {[%emt 0:00:01]} 48. a5 {
[%emt 0:00:01]} h4 {[%emt 0:00:01]} 49. a6 {[%emt 0:00:03]} Kg5 {[%emt 0:00:01]
} 50. Ra8 {[%emt 0:00:02]} Kf4 {[%emt 0:00:02]} 51. a7 {[%emt 0:00:03]} g3+ {
[%emt 0:00:01]} 52. Kg2 {[%emt 0:00:04]} Ne3+ {[%emt 0:00:01]} 53. Kh3 {[%emt
0:00:02]} g2 {[%emt 0:00:01]} 54. Rf8+ {[%emt 0:00:01]} Ke5 {[%emt 0:00:05]}
55. Rg8 {[%emt 0:00:09]} Nd5 {[%emt 0:00:10]} 56. Rg5+ {[%emt 0:00:04]} Kd4 {
[%emt 0:00:02]} 57. Rxd5+ {[%emt 0:00:01]} Kxd5 {[%emt 0:00:01]} 58. a8=Q+ {
[%emt 0:00:00]} Kd4 {[%emt 0:00:00]} 59. Qxg2 {[%emt 0:00:01]} Ke3 {[%emt 0:00:
00]} 60. Qg4 {[%emt 0:00:00]} Kf2 {[%emt 0:00:01]} 61. Kxh4 {[%emt 0:00:01]}
Ke3 {[%emt 0:00:00]} 62. Kg5 {[%emt 0:00:01]} Kd3 {[%emt 0:00:00]} 63. Kf5 {
[%emt 0:00:00]} Ke3 {[%emt 0:00:00]} 64. Ke5 {[%emt 0:00:00]} Kd2 {[%emt 0:00:
00]} 65. Qf3 {[%emt 0:00:01]} Kc2 {[%emt 0:00:01]} 66. Kd4 {[%emt 0:00:01]} Kd2
{[%emt 0:00:00]} 67. Qf2+ {[%emt 0:00:02]} Kc1 {[%emt 0:00:00]} 68. Kc3 {[%emt
0:00:03]} Kb1 {[%emt 0:00:00]} 69. Qb2# {[%emt 0:00:01]} 1-0

[Event "Villarobledo Online Qualifyer"]
[Site "playchess.com #155672"]
[Date "2009.05.23"]
[Round "8"]
[White "Sophie_Neveu"]
[Black "Kasimito"]
[Result "1/2-1/2"]
[WhiteElo "2167"]
[BlackElo "1922"]
[PlyCount "165"]
[EventDate "2009.05.23"]
[EventType "swiss (blitz)"]

1. e4 {[%emt 0:00:03]} c5 {[%emt 0:00:10]} 2. d4 {[%emt 0:00:04]} cxd4 {[%emt
0:00:08]} 3. c3 {[%emt 0:00:01]} dxc3 {[%emt 0:00:06]} 4. Nxc3 {[%emt 0:00:00]}
Nc6 {[%emt 0:00:05]} 5. Nf3 {[%emt 0:00:02]} d6 {[%emt 0:00:04]} 6. Bc4 {[%emt
0:00:01]} e6 {[%emt 0:00:05]} 7. O-O {[%emt 0:00:01]} Be7 {[%emt 0:00:04]} 8.
Qe2 {[%emt 0:00:01]} Qc7 {[%emt 0:00:04]} 9. Rd1 {[%emt 0:00:07]} a5 {[%emt 0:
00:04]} 10. Bf4 {[%emt 0:00:03]} Na7 {[%emt 0:00:13]} 11. Rac1 {[%emt 0:00:04]}
Bd7 {[%emt 0:00:05]} 12. e5 {[%emt 0:00:09]} d5 {[%emt 0:00:03]} 13. Bxd5 {
[%emt 0:00:04]} Rd8 {[%emt 0:00:05]} 14. Bb3 {[%emt 0:00:28]} Bc6 {[%emt 0:00:
10]} 15. Nd4 {[%emt 0:00:07]} Bc5 {[%emt 0:00:04]} 16. Ndb5 {[%emt 0:00:16]}
Nxb5 {[%emt 0:00:05]} 17. Nxb5 {[%emt 0:00:01]} Rxd1+ {[%emt 0:00:05]} 18. Rxd1
{[%emt 0:00:08]} Qb6 {[%emt 0:00:04]} 19. Nd6+ {[%emt 0:00:16]} Bxd6 {[%emt 0:
00:05]} 20. exd6 {[%emt 0:00:03]} Nf6 {[%emt 0:00:04]} 21. Bg5 {[%emt 0:00:22]}
Qb5 {[%emt 0:00:06]} 22. Qe3 {[%emt 0:00:58]} Nd5 {[%emt 0:00:05]} 23. Bxd5 {
[%emt 0:00:05]} Bxd5 {[%emt 0:00:05]} 24. Be7 {[%emt 0:00:03]} Kd7 {[%emt 0:00:
05]} 25. Rc1 {[%emt 0:00:05]} Rc8 {[%emt 0:00:07]} 26. Rxc8 {[%emt 0:00:02]}
Kxc8 {[%emt 0:00:04]} 27. Qc3+ {[%emt 0:00:01]} Qc4 {[%emt 0:00:06]} 28. Qxc4+
{[%emt 0:00:04]} Bxc4 {[%emt 0:00:03]} 29. b3 {[%emt 0:00:00]} Bd5 {[%emt 0:00:
04]} 30. Bf8 {[%emt 0:00:01]} g6 {[%emt 0:00:05]} 31. Bg7 {[%emt 0:00:01]} Kd7
{[%emt 0:00:07]} 32. Be5 {[%emt 0:00:01]} b6 {[%emt 0:00:05]} 33. f3 {[%emt 0:
00:01]} a4 {[%emt 0:00:04]} 34. bxa4 {[%emt 0:00:02]} Bxa2 {[%emt 0:00:03]} 35.
Bd4 {[%emt 0:00:02]} Bb3 {[%emt 0:00:05]} 36. Bxb6 {[%emt 0:00:01]} Bxa4 {
[%emt 0:00:03]} 37. Bc5 {[%emt 0:00:01]} e5 {[%emt 0:00:05]} 38. Kf2 {[%emt 0:
00:01]} h6 {[%emt 0:00:04]} 39. Kg3 {[%emt 0:00:01]} Bc6 {[%emt 0:00:05]} 40.
Kf2 {[%emt 0:00:01]} f5 {[%emt 0:00:05]} 41. Ke3 {[%emt 0:00:01]} g5 {[%emt 0:
00:04]} 42. Kf2 {[%emt 0:00:03]} h5 {[%emt 0:00:04]} 43. Kg3 {[%emt 0:00:03]}
f4+ {[%emt 0:00:05]} 44. Kf2 {[%emt 0:00:03]} g4 {[%emt 0:00:03]} 45. Ba3 {
[%emt 0:00:06]} Bb7 {[%emt 0:00:05]} 46. h3 {[%emt 0:00:04]} g3+ {[%emt 0:00:
05]} 47. Ke1 {[%emt 0:00:04]} Ba6 {[%emt 0:00:04]} 48. Bb2 {[%emt 0:00:01]}
Kxd6 {[%emt 0:00:04]} 49. Ba3+ {[%emt 0:00:01]} Kd5 {[%emt 0:00:04]} 50. Bc1 {
[%emt 0:00:02]} Ke6 {[%emt 0:00:04]} 51. Ba3 {[%emt 0:00:06]} e4 {[%emt 0:00:
03]} 52. fxe4 {[%emt 0:00:03]} Ke5 {[%emt 0:00:03]} 53. Bc1 {[%emt 0:00:05]}
Kxe4 {[%emt 0:00:06]} 54. Ba3 {[%emt 0:00:01]} f3 {[%emt 0:00:03]} 55. gxf3+ {
[%emt 0:00:01]} Kxf3 {[%emt 0:00:05]} 56. Bc5 {[%emt 0:00:11]} h4 {[%emt 0:00:
05]} 57. Be7 {[%emt 0:00:01]} g2 {[%emt 0:00:05]} 58. Bc5 {[%emt 0:00:01]} Bc8
{[%emt 0:00:07]} 59. Bg1 {[%emt 0:00:02]} Bxh3 {[%emt 0:00:08]} 60. Bh2 {[%emt
0:00:01]} Kg4 {[%emt 0:00:03]} 61. Kf2 {[%emt 0:00:02]} Kg5 {[%emt 0:00:03]}
62. Kg1 {[%emt 0:00:02]} Bf5 {[%emt 0:00:02]} 63. Bc7 {[%emt 0:00:00]} Kg4 {
[%emt 0:00:01]} 64. Kh2 {[%emt 0:00:00]} h3 {[%emt 0:00:01]} 65. Bb6 {[%emt 0:
00:00]} Kh4 {[%emt 0:00:01]} 66. Bg1 {[%emt 0:00:00]} Bg4 {[%emt 0:00:03]} 67.
Bf2+ {[%emt 0:00:00]} Kg5 {[%emt 0:00:02]} 68. Kg3 {[%emt 0:00:00]} Bf5 {[%emt
0:00:01]} 69. Bg1 {[%emt 0:00:01]} Be4 {[%emt 0:00:01]} 70. Bh2 {[%emt 0:00:01]
} Bd3 {[%emt 0:00:01]} 71. Bg1 {[%emt 0:00:03]} Bf1 {[%emt 0:00:03]} 72. Kxh3 {
[%emt 0:00:01]} Kf4 {[%emt 0:00:01]} 73. Kh2 {[%emt 0:00:02]} Kf3 {[%emt 0:00:
01]} 74. Bb6 {[%emt 0:00:01]} Be2 {[%emt 0:00:02]} 75. Kg1 {[%emt 0:00:01]} Kg3
{[%emt 0:00:02]} 76. Bd8 {[%emt 0:00:00]} Kf3 {[%emt 0:00:03]} 77. Bc7 {[%emt
0:00:00]} Bd3 {[%emt 0:00:04]} 78. Bh2 {[%emt 0:00:00]} Bf5 {[%emt 0:00:01]}
79. Bb8 {[%emt 0:00:00]} Bg4 {[%emt 0:00:01]} 80. Bc7 {[%emt 0:00:00]} Bf5 {
[%emt 0:00:03]} 81. Bb8 {[%emt 0:00:00]} Bg4 {[%emt 0:00:01]} 82. Bc7 {[%emt 0:
00:00]} Bf5 {[%emt 0:00:01]} 83. Bb8 {[%emt 0:00:00]} 1/2-1/2

[Event "Villarobledo Online Qualifyer"]
[Site "playchess.com #155672"]
[Date "2009.05.23"]
[Round "8"]
[White "Hakem_II"]
[Black "Ricardov"]
[Result "0-1"]
[WhiteElo "1900"]
[BlackElo "2343"]
[PlyCount "146"]
[EventDate "2009.05.23"]
[EventType "swiss (blitz)"]

1. d4 {[%emt 0:00:01]} Nf6 {[%emt 0:00:01]} 2. c4 {[%emt 0:00:01]} c5 {[%emt 0:
00:01]} 3. d5 {[%emt 0:00:01]} e6 {[%emt 0:00:00]} 4. Nc3 {[%emt 0:00:01]} exd5
{[%emt 0:00:00]} 5. cxd5 {[%emt 0:00:01]} d6 {[%emt 0:00:00]} 6. e4 {[%emt 0:
00:01]} g6 {[%emt 0:00:01]} 7. f4 {[%emt 0:00:01]} Bg7 {[%emt 0:00:02]} 8. Bb5+
{[%emt 0:00:01]} Nfd7 {[%emt 0:00:01]} 9. Nf3 {[%emt 0:00:04]} a6 {[%emt 0:00:
04]} 10. Bd3 {[%emt 0:00:01]} b5 {[%emt 0:00:02]} 11. O-O {[%emt 0:00:02]} O-O
{[%emt 0:00:02]} 12. a4 {[%emt 0:00:10]} c4 {[%emt 0:00:01]} 13. Bc2 {[%emt 0:
00:04]} b4 {[%emt 0:00:07]} 14. Ne2 {[%emt 0:00:03]} Nc5 {[%emt 0:00:08]} 15.
Ned4 {[%emt 0:00:02]} Re8 {[%emt 0:00:04]} 16. Re1 {[%emt 0:00:01]} a5 {[%emt
0:00:34]} 17. h3 {[%emt 0:00:02]} Ba6 {[%emt 0:00:03]} 18. Kh1 {[%emt 0:00:07]}
Ra7 {[%emt 0:00:05]} 19. Nb5 {[%emt 0:00:32]} Rae7 {[%emt 0:00:13]} 20. e5 {
[%emt 0:00:34]} dxe5 {[%emt 0:00:09]} 21. f5 {[%emt 0:00:07]} Rd7 {[%emt 0:00:
07]} 22. fxg6 {[%emt 0:00:05]} hxg6 {[%emt 0:00:02]} 23. Bg5 {[%emt 0:00:16]}
f6 {[%emt 0:00:15]} 24. Bxg6 {[%emt 0:00:14]} Rxd5 {[%emt 0:00:07]} 25. Qe2 {
[%emt 0:00:28]} fxg5 {[%emt 0:00:16]} 26. Bxe8 {[%emt 0:00:05]} Qxe8 {[%emt 0:
00:02]} 27. Qxc4 {[%emt 0:00:02]} Qe6 {[%emt 0:00:55] '} 28. Nxg5 {[%emt 0:00:
02]} Rd4 {[%emt 0:00:00]} 29. Qxe6+ {[%emt 0:00:07]} Nxe6 {[%emt 0:00:01]} 30.
Nxe6 {[%emt 0:00:02]} Rd2 {[%emt 0:00:01]} 31. Nxg7 {[%emt 0:00:05]} Kxg7 {
[%emt 0:00:03]} 32. b3 {[%emt 0:00:07]} Bb7 {[%emt 0:00:03]} 33. Rg1 {[%emt 0:
00:08]} Kh6 {[%emt 0:00:01]} 34. Rae1 {[%emt 0:00:04]} Nd7 {[%emt 0:00:01]} 35.
Kh2 {[%emt 0:00:03]} Bd5 {[%emt 0:00:06]} 36. Re3 {[%emt 0:00:02]} Nf6 {[%emt
0:00:01]} 37. Nc7 {[%emt 0:00:10]} Bf7 {[%emt 0:00:11]} 38. Rxe5 {[%emt 0:00:
12]} Bxb3 {[%emt 0:00:03]} 39. Rxa5 {[%emt 0:00:01]} Ne4 {[%emt 0:00:05]} 40.
Na6 {[%emt 0:00:04]} Rd4 {[%emt 0:00:05]} 41. Rb5 {[%emt 0:00:02]} Rd2 {[%emt
0:00:12]} 42. Rxb4 {[%emt 0:00:01]} Bd5 {[%emt 0:00:00]} 43. Nc7 {[%emt 0:00:
03]} Bc6 {[%emt 0:00:03]} 44. Nb5 {[%emt 0:00:01]} Ng5 {[%emt 0:00:04]} 45. a5
{[%emt 0:00:01]} Nf3+ {[%emt 0:00:01]} 46. Kh1 {[%emt 0:00:02]} Nxg1 {[%emt 0:
00:00]} 47. Kxg1 {[%emt 0:00:01]} Rxg2+ {[%emt 0:00:00]} 48. Kf1 {[%emt 0:00:
01]} Rh2 {[%emt 0:00:00]} 49. a6 {[%emt 0:00:01]} Rxh3 {[%emt 0:00:01]} 50. a7
{[%emt 0:00:01]} Rh1+ {[%emt 0:00:00]} 51. Kf2 {[%emt 0:00:01]} Ra1 {[%emt 0:
00:00]} 52. Nd4 {[%emt 0:00:04]} Bd5 {[%emt 0:00:02]} 53. Rb6+ {[%emt 0:00:02]}
Kg7 {[%emt 0:00:05]} 54. Rd6 {[%emt 0:00:02]} Bh1 {[%emt 0:00:08]} 55. Nc6 {
[%emt 0:00:02]} Kf7 {[%emt 0:00:04]} 56. Rd7+ {[%emt 0:00:06]} Ke6 {[%emt 0:00:
02]} 57. Rc7 {[%emt 0:00:04]} Kd6 {[%emt 0:00:01]} 58. Rc8 {[%emt 0:00:01]}
Bxc6 {[%emt 0:00:01]} 59. a8=Q {[%emt 0:00:03]} Bxa8 {[%emt 0:00:01]} 60. Rc3 {
[%emt 0:00:02]} Bd5 {[%emt 0:00:02]} 61. Rd3 {[%emt 0:00:01]} Ke5 {[%emt 0:00:
01]} 62. Re3+ {[%emt 0:00:01]} Kd4 {[%emt 0:00:00]} 63. Re1 {[%emt 0:00:01]}
Ra2+ {[%emt 0:00:02]} 64. Re2 {[%emt 0:00:00]} Ra3 {[%emt 0:00:02]} 65. Rd2+ {
[%emt 0:00:00]} Ke5 {[%emt 0:00:01]} 66. Re2+ {[%emt 0:00:01]} Kf4 {[%emt 0:00:
00]} 67. Rd2 {[%emt 0:00:01]} Rf3+ {[%emt 0:00:01]} 68. Ke2 {[%emt 0:00:01]}
Be4 {[%emt 0:00:02]} 69. Rb2 {[%emt 0:00:02]} Rh3 {[%emt 0:00:02]} 70. Rb4 {
[%emt 0:00:01]} Rh2+ {[%emt 0:00:01]} 71. Ke1 {[%emt 0:00:02]} Ke3 {[%emt 0:00:
01]} 72. Rb3+ {[%emt 0:00:01]} Bd3 {[%emt 0:00:00]} 73. Rxd3+ {[%emt 0:00:17]}
Kxd3 {[%emt 0:00:01] Hakem_II rinde} 0-1

[Event "Villarobledo Online Qualifyer"]
[Site "playchess.com #155672"]
[Date "2009.05.23"]
[Round "8"]
[White "Q2w3e"]
[Black "Buster hyman"]
[Result "1-0"]
[WhiteElo "1557"]
[BlackElo "1713"]
[PlyCount "161"]
[EventDate "2009.05.23"]
[EventType "swiss (blitz)"]

1. c4 {[%emt 0:00:00]} c6 {[%emt 0:00:01]} 2. Nc3 {[%emt 0:00:03]} d5 {[%emt 0:
00:01]} 3. e3 {[%emt 0:00:03]} Nf6 {[%emt 0:00:03]} 4. d4 {[%emt 0:00:03]} e6 {
[%emt 0:00:06]} 5. cxd5 {[%emt 0:00:02]} cxd5 {[%emt 0:00:03]} 6. Bd3 {[%emt 0:
00:04]} Be7 {[%emt 0:00:01]} 7. Nf3 {[%emt 0:00:02]} O-O {[%emt 0:00:01]} 8.
O-O {[%emt 0:00:01]} Nc6 {[%emt 0:00:05]} 9. a3 {[%emt 0:00:02]} a6 {[%emt 0:
00:02]} 10. b4 {[%emt 0:00:03]} b5 {[%emt 0:00:01]} 11. Bd2 {[%emt 0:00:07]}
Bb7 {[%emt 0:00:01]} 12. Rc1 {[%emt 0:00:07]} Rc8 {[%emt 0:00:01]} 13. Ne5 {
[%emt 0:00:04]} Nd7 {[%emt 0:00:17]} 14. Nxd7 {[%emt 0:00:36]} Qxd7 {[%emt 0:
00:03]} 15. Qh5 {[%emt 0:00:02]} g6 {[%emt 0:00:05]} 16. Qh3 {[%emt 0:00:15]}
Rfd8 {[%emt 0:00:14]} 17. Ne2 {[%emt 0:00:14]} Bf6 {[%emt 0:00:07]} 18. Qg3 {
[%emt 0:00:30]} e5 {[%emt 0:00:39]} 19. dxe5 {[%emt 0:00:16]} Bxe5 {[%emt 0:00:
05]} 20. f4 {[%emt 0:00:31]} Bb8 {[%emt 0:00:15]} 21. h4 {[%emt 0:00:09]} Ne7 {
[%emt 0:00:27]} 22. h5 {[%emt 0:00:07]} Nf5 {[%emt 0:00:02]} 23. Bxf5 {[%emt 0:
00:05]} Qxf5 {[%emt 0:00:01]} 24. hxg6 {[%emt 0:00:02]} fxg6 {[%emt 0:00:06]}
25. Nd4 {[%emt 0:00:09]} Qf7 {[%emt 0:00:18] '} 26. Qg4 {[%emt 0:00:05]} Ba7 {
[%emt 0:00:16]} 27. f5 {[%emt 0:00:04]} Rd6 {[%emt 0:00:17]} 28. fxg6 {[%emt 0:
00:03]} Qxg6 {[%emt 0:00:10]} 29. Rxc8+ {[%emt 0:00:02]} Bxc8 {[%emt 0:00:03]}
30. Qxc8+ {[%emt 0:00:01]} Kg7 {[%emt 0:00:02]} 31. Qc7+ {[%emt 0:00:01]} Kh6 {
[%emt 0:00:03]} 32. Nf5+ {[%emt 0:00:02]} Kh5 {[%emt 0:00:02]} 33. Qxd6 {[%emt
0:00:02]} Qxd6 {[%emt 0:00:06]} 34. Nxd6 {[%emt 0:00:00]} d4 {[%emt 0:00:00]}
35. exd4 {[%emt 0:00:02]} Bxd4+ {[%emt 0:00:02]} 36. Kh2 {[%emt 0:00:01]} Bb2 {
[%emt 0:00:02]} 37. Rf7 {[%emt 0:00:03]} Bxa3 {[%emt 0:00:03]} 38. Bh6 {[%emt
0:00:01]} Kxh6 {[%emt 0:00:03]} 39. Ra7 {[%emt 0:00:01]} Bxb4 {[%emt 0:00:01]}
40. Ne4 {[%emt 0:00:03]} a5 {[%emt 0:00:02]} 41. Kg3 {[%emt 0:00:04]} Be1+ {
[%emt 0:00:03]} 42. Kf3 {[%emt 0:00:01]} a4 {[%emt 0:00:03]} 43. Nf2 {[%emt 0:
00:01]} Bb4 {[%emt 0:00:03]} 44. Nd3 {[%emt 0:00:01]} Bd2 {[%emt 0:00:03]} 45.
Ke2 {[%emt 0:00:01]} Bc3 {[%emt 0:00:02]} 46. Kd1 {[%emt 0:00:01]} b4 {[%emt 0:
00:01]} 47. Kc2 {[%emt 0:00:01]} a3 {[%emt 0:00:02]} 48. Kb3 {[%emt 0:00:01]}
Bd2 {[%emt 0:00:02]} 49. Nxb4 {[%emt 0:00:01]} Kg6 {[%emt 0:00:03]} 50. Nc2 {
[%emt 0:00:02]} h5 {[%emt 0:00:01]} 51. Nxa3 {[%emt 0:00:03]} Kg5 {[%emt 0:00:
02]} 52. Ra4 {[%emt 0:00:02]} h4 {[%emt 0:00:02]} 53. Re4 {[%emt 0:00:03]} Bf4
{[%emt 0:00:01]} 54. Nc4 {[%emt 0:00:03]} Bg3 {[%emt 0:00:01]} 55. Kc3 {[%emt
0:00:01]} Kf5 {[%emt 0:00:01]} 56. Kd3 {[%emt 0:00:01]} Kg5 {[%emt 0:00:02]}
57. Nd2 {[%emt 0:00:03]} Kf5 {[%emt 0:00:01]} 58. Nf3 {[%emt 0:00:01]} Kg6 {
[%emt 0:00:03]} 59. Nxh4+ {[%emt 0:00:02]} Kg5 {[%emt 0:00:01]} 60. Nf3+ {
[%emt 0:00:01]} Kf5 {[%emt 0:00:02]} 61. Ra4 {[%emt 0:00:05]} Ke6 {[%emt 0:00:
06]} 62. Ke4 {[%emt 0:00:02]} Kd7 {[%emt 0:00:03]} 63. Kd5 {[%emt 0:00:01]} Kc8
{[%emt 0:00:02]} 64. Kc6 {[%emt 0:00:01]} Kb8 {[%emt 0:00:02]} 65. Rg4 {[%emt
0:00:02]} Ka7 {[%emt 0:00:04]} 66. Rg7+ {[%emt 0:00:01]} Ka6 {[%emt 0:00:02]}
67. Rxg3 {[%emt 0:00:01]} Ka5 {[%emt 0:00:01]} 68. Ng5 {[%emt 0:00:02]} Kb4 {
[%emt 0:00:01]} 69. Rd3 {[%emt 0:00:03]} Kc4 {[%emt 0:00:01]} 70. Rd1 {[%emt 0:
00:02]} Kc3 {[%emt 0:00:01]} 71. Kc5 {[%emt 0:00:01]} Kc2 {[%emt 0:00:01]} 72.
Rd8 {[%emt 0:00:01]} Kc3 {[%emt 0:00:01]} 73. Rd7 {[%emt 0:00:01]} Kb3 {[%emt
0:00:01]} 74. Rd4 {[%emt 0:00:04]} Kc3 {[%emt 0:00:01]} 75. Ne4+ {[%emt 0:00:
02]} Kb3 {[%emt 0:00:01]} 76. Rc4 {[%emt 0:00:01]} Ka3 {[%emt 0:00:03]} 77. Rb4
{[%emt 0:00:02]} Ka2 {[%emt 0:00:02]} 78. Kc4 {[%emt 0:00:02]} Ka3 {[%emt 0:00:
02]} 79. Kc3 {[%emt 0:00:01]} Ka2 {[%emt 0:00:01]} 80. Rb8 {[%emt 0:00:02]} Ka1
{[%emt 0:00:02]} 81. Kc2 {[%emt 0:00:01] Buster hyman resigns} 1-0

[Event "Villarobledo Online Qualifyer"]
[Site "playchess.com #155672"]
[Date "2009.05.23"]
[Round "9"]
[White "Antlew3"]
[Black "Torre repetto 2"]
[Result "1-0"]
[WhiteElo "1694"]
[BlackElo "1622"]
[PlyCount "57"]
[EventDate "2009.05.23"]
[EventType "swiss (blitz)"]

1. c4 {[%emt 0:00:05]} d6 {[%emt 0:00:02]} 2. b3 {[%emt 0:00:02]} Nf6 {[%emt 0:
00:02]} 3. Bb2 {[%emt 0:00:02]} g6 {[%emt 0:00:01]} 4. g3 {[%emt 0:00:01]} Bg7
{[%emt 0:00:01]} 5. Bg2 {[%emt 0:00:01]} O-O {[%emt 0:00:01]} 6. e3 {[%emt 0:
00:01]} c5 {[%emt 0:00:01]} 7. Ne2 {[%emt 0:00:02]} e5 {[%emt 0:00:01]} 8. O-O
{[%emt 0:00:01]} Nc6 {[%emt 0:00:01]} 9. d4 {[%emt 0:00:01]} cxd4 {[%emt 0:00:
01]} 10. exd4 {[%emt 0:00:01]} exd4 {[%emt 0:00:00]} 11. Nxd4 {[%emt 0:00:01]}
Nxd4 {[%emt 0:00:01]} 12. Qxd4 {[%emt 0:00:01]} Nh5 {[%emt 0:00:06]} 13. Qd2 {
[%emt 0:00:02]} Bxb2 {[%emt 0:00:01]} 14. Qxb2 {[%emt 0:00:01]} Qf6 {[%emt 0:
00:03]} 15. Nc3 {[%emt 0:00:07]} Rb8 {[%emt 0:00:06]} 16. Qd2 {[%emt 0:00:02]}
Rd8 {[%emt 0:00:10]} 17. Rae1 {[%emt 0:00:02]} Be6 {[%emt 0:00:05]} 18. Re2 {
[%emt 0:00:03]} Ng7 {[%emt 0:00:05]} 19. Rfe1 {[%emt 0:00:01]} b6 {[%emt 0:00:
01]} 20. Ne4 {[%emt 0:00:04]} Qe7 {[%emt 0:00:02]} 21. Qd4 {[%emt 0:00:07]} Qd7
{[%emt 0:00:07]} 22. Nf6+ {[%emt 0:00:02]} Kf8 {[%emt 0:00:02]} 23. Nxd7+ {
[%emt 0:00:00]} Rxd7 {[%emt 0:00:01]} 24. Bc6 {[%emt 0:00:03]} Rdd8 {[%emt 0:
00:02]} 25. Qf6 {[%emt 0:00:06]} Nf5 {[%emt 0:00:05]} 26. Bd5 {[%emt 0:00:07]}
Bxd5 {[%emt 0:00:01]} 27. cxd5 {[%emt 0:00:01]} Re8 {[%emt 0:00:01]} 28. Rxe8+
{[%emt 0:00:02]} Rxe8 {[%emt 0:00:01]} 29. Qh8# {[%emt 0:00:01]} 1-0

[Event "Villarobledo Online Qualifyer"]
[Site "playchess.com #155672"]
[Date "2009.05.23"]
[Round "9"]
[White "stefanovitch"]
[Black "Iluminao"]
[Result "0-1"]
[WhiteElo "1678"]
[BlackElo "2325"]
[PlyCount "26"]
[EventDate "2009.05.23"]
[EventType "swiss (blitz)"]

1. f4 {[%emt 0:00:02]} e5 {[%emt 0:00:02]} 2. fxe5 {[%emt 0:00:01]} d6 {[%emt
0:00:01]} 3. exd6 {[%emt 0:00:01]} Bxd6 {[%emt 0:00:01]} 4. Nf3 {[%emt 0:00:00]
} Nf6 {[%emt 0:00:01]} 5. d4 {[%emt 0:00:03]} O-O {[%emt 0:00:05]} 6. Bg5 {
[%emt 0:00:02]} h6 {[%emt 0:00:04]} 7. Bh4 {[%emt 0:00:14]} Bf5 {[%emt 0:00:34]
} 8. Nc3 {[%emt 0:00:08]} Re8 {[%emt 0:00:02]} 9. Bxf6 {[%emt 0:00:26]} Qxf6 {
[%emt 0:00:02]} 10. g3 {[%emt 0:00:03]} Bxc2 {[%emt 0:00:06]} 11. Qxc2 {[%emt
0:00:05]} Qxf3 {[%emt 0:00:01]} 12. Rg1 {[%emt 0:00:17]} Nc6 {[%emt 0:00:02]}
13. O-O-O {[%emt 0:00:04]} Qe3+ {[%emt 0:00:02] stefanovitch abandonne} 0-1

[Event "Villarobledo Online Qualifyer"]
[Site "playchess.com #155672"]
[Date "2009.05.23"]
[Round "9"]
[White "Mtudorache"]
[Black "Marx"]
[Result "1-0"]
[WhiteElo "1739"]
[BlackElo "1371"]
[PlyCount "39"]
[EventDate "2009.05.23"]
[EventType "swiss (blitz)"]

1. e4 {[%emt 0:00:01]} c5 {[%emt 0:00:04]} 2. Nf3 {[%emt 0:00:01]} Nc6 {[%emt
0:00:01]} 3. d4 {[%emt 0:00:02]} cxd4 {[%emt 0:00:01]} 4. Nxd4 {[%emt 0:00:00]}
Nf6 {[%emt 0:00:01]} 5. Nc3 {[%emt 0:00:02]} e5 {[%emt 0:00:01]} 6. Ndb5 {
[%emt 0:00:01]} Bb4 {[%emt 0:00:07]} 7. a3 {[%emt 0:00:20]} Bxc3+ {[%emt 0:00:
12]} 8. Nxc3 {[%emt 0:00:00]} O-O {[%emt 0:00:01]} 9. Bc4 {[%emt 0:00:03]} Na5
{[%emt 0:00:10]} 10. Ba2 {[%emt 0:00:02]} a6 {[%emt 0:00:10]} 11. O-O {[%emt 0:
00:02]} b5 {[%emt 0:00:01]} 12. Bg5 {[%emt 0:00:02]} Bb7 {[%emt 0:00:02]} 13.
Bd5 {[%emt 0:00:02]} h6 {[%emt 0:00:18]} 14. Bxb7 {[%emt 0:00:05]} Nxb7 {[%emt
0:00:02]} 15. Bxf6 {[%emt 0:00:02]} Qxf6 {[%emt 0:00:01]} 16. Nd5 {[%emt 0:00:
00]} Qe6 {[%emt 0:00:23]} 17. Nc7 {[%emt 0:00:02]} Qc4 {[%emt 0:00:08]} 18.
Nxa8 {[%emt 0:00:03]} Rxa8 {[%emt 0:00:01]} 19. Qxd7 {[%emt 0:00:01]} Rd8 {
[%emt 0:00:01]} 20. Qxb7 {[%emt 0:00:01] Marx resigns} 1-0